Inseln Griechenlands Karten-Quiz - Statistiken

Allgemein
  • Dieses Quiz wurde 383 mal gespielt
  • Das Durchschnittsergebnis liegt bei 6 aus 15
Antworten auf der Karte
Die Antworten werden auf der Karte rot bzw. grün angezeigt, abhängig davon wie oft sie richtig erraten wurden.
 
Antwortstatistiken
Antwort % Korrekt
Kreta
87%
Rhodos
71%
Korfu
64%
Euböa
52%
Lesbos
49%
Naxos
40%
Kefalonia
37%
Zakynthos
34%
Samos
31%
Lefkada
29%
Thassos
29%
Chios
28%
Karpathos
24%
Andros
23%
Limnos
22%
Keine übereinstimmenden Quizze gefunden
Verteilung der Resultate
Anzahl Personen mit jedem Resultat
Perzentil nach korrekt beantworteten Fragen
Ihre Resultats-Entwicklung
Sie haben dieses Quiz noch nicht gespielt